| 000 | 10016nam a22004937a 4500 | ||
|---|---|---|---|
| 001 | 59754 | ||
| 003 | UA-OsUOA | ||
| 005 | 20221012123534.0 | ||
| 007 | ta | ||
| 008 | 20090423b un ||||| |||| 00| 0 ukr d | ||
| 020 | _a978-966-580-249-5 | ||
| 040 |
_aUA-OsUOA _bukr _cUA-OsUOA _dUA-OsUOA |
||
| 041 | _aukr | ||
| 080 | _a65.012.32(075.8) | ||
| 090 |
_a65.012.32(075.8) _bР15 |
||
| 100 | _aРадецька Л. П. | ||
| 245 |
_aУправлінський облік _bнавч. посіб. |
||
| 260 |
_aК. _bАкадемія _c2007 |
||
| 300 | _a352 с. | ||
| 520 | 3 | _aУ навчальному посібнику розкрито основні засади, принципи, функції, методи, об’єкти управлінського обліку, вміщено класифікацію і характеристику витрат і методів їх обліку, проаналізовано з погляду потреб управлінського обліку процеси прийняття управл | |
| 520 | 3 | _aінських рішень, бюджетування, контролю, визначення ефективності діяльності суб’єктів господарювання, особливості аналізу і прийняття інвестиційних рішень та стратегічного управлінського обліку. Поглибленню теоретичних знань і виробленню практичних нав | |
| 520 | 3 | _aичок сприятимуть запитання, завдання,практикум, короткий термінологічний словник, а також додаток, у якому наведено розрахунок собівартості продукції.Адресований студентам вищих навчальних закладів, прислужиться менеджерам у практичній діяльності. | |
| 520 | 3 | _aЗміст1. Загальні засади управлінського облікуСутність, предмет і об’єкти управлінського обліку. Функції і організування управлінського обліку. Об’єкти обліку витрат і об’єкти калькулювання собівартості. Становлення і розвиток управлінського о | |
| 520 | 3 | _aбліку як науки. 2. Витрати, їх класифікація і поведінкаГосподарські процеси як об’єкт управлінського обліку. Класифікація витрат. Методи побудови функції витрат. Склад витрат на виробництво. Оцінювання витрат виробництва у системі управлінського | |
| 520 | 3 | _aобліку.3. Облік витрат за економічними елементами і статтями калькуляціїГрупування витрат за економічними елементами. Групування витрат за статтями калькуляції. Облік втрат від браку. Облік витрат допоміжних виробництв.4. Методи обліку витр | |
| 520 | 3 | _aат виробництва і калькулювання собівартості продукціїСутність методів обліку витрат і калькулювання собівартості продукції, їх застосування. Попроцесний метод обліку витрат виробництва і калькулювання собівартості продукції. Нормативний метод обліку | |
| 520 | 3 | _aвитрат виробництва і калькулювання собівартості продукції. Позамовний метод обліку витрат виробництва і калькулювання собівартості продукції. Попередільний метод обліку витрат виробництва і калькулювання собівартості продукції. Способи калькулювання с | |
| 520 | 3 | _aобівартості продукції.5. Системи обліку витрат виробництва і калькулювання собівартості продукціїВідображення доходів і фінансових результатів в обліку. Система обліку і калькулювання повних витрат. Система обліку і калькулювання за змінними вит | |
| 520 | 3 | _aратами. Калькулювання собівартості продукції за системою «дірект-костінг». Обрахування собівартості продукції за системою «стандарт-кост». Бухгалтерські регістри, їх побудова залежно від моделей нормативного обліку. Калькулювання на основі діяльності. | |
| 520 | 3 | _aМоделі обліку витрат на виробництво за результатами господарської діяльності.6. Прийняття управлінських рішеньПроцес підготовки і прийняття управлінських рішень. Прийняття рішення щодо припинення або продовження роботи з групою продуктів. Прийн | |
| 520 | 3 | _aяття рішення щодо спеціального замовлення. Прийняття рішення щодо розширення або скорочення сегмента діяльностіПрийняття рішення«виробляти чи купувати». Модель прийняття рішень за умов невизначеності. Рішення щодо оптимального використання обмежених | |
| 520 | 3 | _aресурсів. Прийняття рішень, пов’язаних зі встановленням цін на продукцію.7. Аналіз «витрати — обсяг діяльності — прибуток» у процесі прийняття рішенняСутність і мета аналізу взаємозв’язку «витрати — обсяг — прибуток». Графічний метод здійснення | |
| 520 | 3 | _aаналізу взаємозв’язку витрат, обсягу діяльності і прибутку. Аналіз впливу на розмір прибутку зміни обсягу реалізації продукції.8. Бюджетування і контрольСутність бюджетного планування. Етапи бюджетування. Аналіз відхилень і контролювання викона | |
| 520 | 3 | _aння бюджетів.9. Облік і контроль за центрами відповідальностіСутність і класифікація центрів відповідальності. Використання методу «тариф — година — машина» для обліку витрат за центрами відповідальності. Використання концепцій трансфертного цін | |
| 520 | 3 | _aоутворення для оцінювання діяльності центрів відповідальності.10. Aналіз ефективності діяльності суб’єктів господарюванняЗначення аналізу ефективності діяльності в управлінському обліку. Інформаційна база управлінського аналізу ефективності госп | |
| 520 | 3 | _aодарської діяльності. Сутність аналізу ефективності господарської діяльності.11. Аналіз і прийняття довготермінових інвестиційних рішеньСутність інвестиційних рішень. Інформаційне забезпечення інвестиційних рішень. Підготовка бізнес-плану інвес | |
| 520 | 3 | _aтиційного проекту. Аналіз ефективності інвестиційного проекту. Аналіз і оцінювання ризиків, що супроводжують інвестиції. Аналіз критеріїв ефективності інвестиційного проекту.12. Cтратегічний управлінський облік і контрольСутність стратегічного о | |
| 520 | 3 | _aбліку. Інформаційне забезпечення стратегічного обліку. Сутність моделі «С-цикл». Стратегічний управлінський контроль. Процедури первинного контролю. Основні причини виникнення неякісної первинної інформації. Класифікація відхилень у процесі виробниц | |
| 520 | 3 | _aтва, їх виявлення і оцінювання. ПрактикумДодатокКороткий термінологічний словникЛітература | |
| 650 | 7 |
_a657 Бухгалтерія. Бухгалтерський облік. Рахівництво _2UDC |
|
| 700 | _aОвод Л. В. | ||
| 942 |
_cBK _2udc |
||
| 955 | _a2 | ||
| 999 |
_c345841 _d345841 |
||